| 000 | 00624cab a22001935a 4500 | ||
|---|---|---|---|
| 001 | L140987 | ||
| 008 | 071024s2007 xxka f 000 0 eng d | ||
| 035 | _a(Sirsi) u140987 | ||
| 041 | 0 | _aeng | |
| 100 | 1 | _aLawson, Mark | |
| 245 | 0 | 0 | _aBuilding design using modules |
| 260 | _c2007 | ||
| 490 |
_aNew Steel Construction _v15(9) October 2007, 28-29(2) |
||
| 520 | _aReports that modular construction with off-site prefabricated units is becoming more popular. Explains modular types. Examines the benefits. | ||
| 590 | _aka | ||
| 651 | 4 |
_aUnited Kingdom _y |
|
| 690 | _aBUILT ENVIRONMENT-BUILDING ELEMENTS | ||
| 942 | _n0 | ||
| 999 |
_c79405 _d79405 |
||